2023 F1 drivers - Statistics

General Stats
  • This quiz has been taken 23 times
  • The average score is 11 of 20
Answer Stats
Hint Answer % Correct
Mercedes (#44) Lewis Hamilton
94%
Red bull (#11) Sergio Perez
94%
Mercedes (#63) George Russell
89%
Red bull (#1) Max Verstappen
89%
Ferarri (#55) Carlos Sainz Jr
67%
Mclaren (#4) Lando Norris
61%
Mclaren (#81) Oscar Piastri
61%
Aston martin (#14) Fernando Alonso
56%
Haas (#27) Nico Hülkenberg
56%
Alfa romeo (#77) Valtteri Bottas
56%
Alpha tauri (#22) Yuki Tsunoda
56%
Wiliams (#23) Alex Albon
50%
Alpine (#31) Esteban Ocon
50%
Aston martin (#18) Lance Stroll
50%
Williams (#2) Logan Sargeant
50%
Alpine (#10) Pierre Gasly
44%
Alfa romeo (#24) Zhou Guanyu
44%
Alpha Tauri (#3) Daniel Ricardo
22%
Merarri (#16) Charles Lecerc
11%
Haas (#20) Keven Magnesium
11%
No matching quizzes found
Score Distribution
Percent of People with Each Score
Percentile by Number Answered
Your Score History
You have not taken this quiz